00693nam a2200169Ia 4500008004100000100002200041245011600063245011400179260005900293260000900352300001100361650001800372650001500390856002600405999001900431952007300450170221s9999 xx 000 0 und d aYüksel, Şule. aCittaslow: Urban Concept in a Different Perspective and Analysing of Turkish Cittaslow Cities’ Documentaries  cŞule Yüksel, Özmen Haluk, Birsen Özgül, Birsen Şerife, Özgün Çıtak, Onur Oğur Karadeniz. bOnline Journal of Communication and Media Technologies c2016 a6 : 8S xCommunication xMedia Arts uhttp://www.ojcmt.net/ c308613d308613 001040aCLbCLd2017-02-21l0r2017-02-21 00:00:00w2017-02-21yFOJ